Normal view
MARC view
- Maurya, Archarya & Others
Entry Personal Name
001 - CONTROL NUMBER
- control field: 213153
003 - CONTROL NUMBER IDENTIFIER
- control field: OSt
005 - DATE AND TIME OF LATEST TRANSACTION
- control field: 20250917115227.0
008 - FIXED-LENGTH DATA ELEMENTS
- fixed length control field: 250917|| aca||aabn | a|a d
040 ## - CATALOGING SOURCE
- Original cataloging agency: OSt
- Transcribing agency: OSt
100 ## - HEADING--PERSONAL NAME
- Personal name: Maurya, Archarya & Others
670 ## - SOURCE DATA FOUND
- Source citation: Work cat.: (OSt)367829: Maurya, Archarya & Others, Textbook of Child Health Nursing I for B.Sc Nursing V Semester